| 000 | 01024aaa a2200241 a 4500 | ||
|---|---|---|---|
| 001 | 78868 | ||
| 003 | BD-RjUL | ||
| 005 | 20211209083201.0 | ||
| 008 | 211123s1997 mr ||||| d||| 00| 0 ara d | ||
| 020 | _a9981261165 | ||
| 035 | _a(BD-RjUL)79095 | ||
| 040 |
_aBD-RjUL _beng _cBD-RjUL |
||
| 041 | _aara | ||
| 082 |
_223 _a491.5537 _bMAM 1997 |
||
| 100 |
_aماجدي، صالح ;; Majedi, saleh _9250403 |
||
| 245 |
_aمعجم التعابير العصرية : عربي-فارسي = Dictionary of modern expressions: Arabic-Persian / _cصالح ماجدى = Saleh Majedy |
||
| 260 |
_aالرباط، المغرب : .= Rabat, Morocco : _bISESCO ;; المنظمة الإسلامية للتربية والعلوم والثقافة-إيسيسكو، _c1997 1418 |
||
| 300 |
_a255 p. ; _c24 cm |
||
| 650 |
_aArabic language _vIdioms _9250404 _xDictionaries -- Persian. |
||
| 650 |
_aArabic language -- Terms and phrases _v Dictionaries _x Persian. _9250405 |
||
| 650 |
_aArabic language _vIdioms. _9250406 |
||
| 942 |
_2ddc _cREF |
||
| 999 |
_c78868 _d78868 |
||